[Event "C.to Provinciale CO"]
[Site "Como ITA"]
[Date "2009.02.01"]
[Round "6"]
[White "Grassetto, Gilberto"]
[Black "Petetta, Roberto"]
[Result "1-0"]
[WhiteElo "1892"]
[BlackElo "1656"]
[PlyCount "55"]
[EventDate "2009.01.24"]

1. d4 d5 2. Nf3 Bg4 3. Nbd2 Nf6 4. e3 g6 5. h3 Bf5 6. g4 Bd7 7. c4 c6 8. Qc2
Qb6 9. c5 Qc7 10. Be2 Bc8 11. Ne5 Nbd7 12. f4 Nxe5 13. fxe5 Nd7 14. Nf3 f6 15.
Bd2 fxe5 16. dxe5 e6 17. O-O-O Nxc5 18. h4 Ne4 19. Be1 Qb6 20. Nd4 Bd7 21. Bd3
Nc5 22. Bxg6+ Ke7 23. Bxh7 Bg7 24. a3 Raf8 25. Bb4 Qc7 26. Bxc5+ Kd8 27. Bxf8
Rxf8 28. Qg6 1-0

[Event "C.to Provinciale CO"]
[Site "Como ITA"]
[Date "2009.02.01"]
[Round "6"]
[White "Guglielmetti, Oscar"]
[Black "Colombo, Samuel"]
[Result "1-0"]
[WhiteElo "1594"]
[BlackElo "1781"]
[PlyCount "143"]
[EventDate "2009.01.24"]

1. f4 d5 2. Nf3 g6 3. e3 Bg7 4. Be2 Nf6 5. c3 O-O 6. O-O c5 7. d4 cxd4 8. cxd4
Nc6 9. Nc3 e6 10. Bd3 a6 11. a3 Bd7 12. Qe1 Rc8 13. Ne5 Nxe5 14. fxe5 Ne8 15.
Rf3 f6 16. exf6 Nxf6 17. Qe2 Nh5 18. Bd2 Rxf3 19. Qxf3 Qb6 20. Rb1 Rf8 21. Qh3
Qc6 22. g4 Nf6 23. Qg2 Qb5 24. Be1 Ne8 25. Ne2 Qb3 26. Nc1 Qb6 27. Ne2 Nc7 28.
Bb4 Rf7 29. Qg3 Ne8 30. Bc5 Qb3 31. Nc3 Bf8 32. Bxf8 Rxf8 33. Qe5 Qb6 34. b4
Qd8 35. Qg3 b6 36. Ne2 Qf6 37. Nf4 Qd8 38. Rc1 Qb8 39. Qg2 Nd6 40. h4 Nc4 41.
Bxc4 dxc4 42. h5 Qd6 43. g5 Rxf4 44. exf4 Qxf4 45. Rd1 Ba4 46. Rf1 Qxd4+ 47.
Kh2 Qh4+ 48. Kg1 gxh5 49. g6 Qg4 50. gxh7+ Kxh7 51. Rf6 Qd4+ 52. Qf2 Qxf2+ 53.
Kxf2 c3 54. Rxe6 c2 55. Re1 h4 56. Ke2 Kg6 57. Kd2 Kf5 58. Rg1 Kf4 59. Rg6 h3
60. Rxb6 Kg4 61. Rxa6 Bb3 62. b5 h2 63. Rh6 Kg3 64. b6 Bd5 65. Kxc2 Be4+ 66.
Kd2 Kg2 67. a4 Bb7 68. Ke3 Bc8 69. Kd4 Bh3 70. b7 h1=Q 71. b8=Q Kf2 72. Qf4+
1-0

[Event "C.to Provinciale CO"]
[Site "Como ITA"]
[Date "2009.02.01"]
[Round "6"]
[White "Laricini, Alberto"]
[Black "Pozzi, Marco"]
[Result "1/2-1/2"]
[WhiteElo "1724"]
[BlackElo "1613"]
[PlyCount "81"]
[EventDate "2009.01.24"]

1. d4 d5 2. Nf3 Nf6 3. Bg5 e6 4. e3 Be7 5. c4 c6 6. cxd5 cxd5 7. Nc3 a6 8. Bd3
Nbd7 9. O-O h6 10. Bh4 O-O 11. Rc1 b5 12. a3 Bb7 13. Qe2 Rc8 14. Na2 Qa5 15.
Qd2 Qxd2 16. Nxd2 Nb6 17. Rxc8 Rxc8 18. Rc1 Rxc1+ 19. Nxc1 Nc4 20. Bxc4 dxc4
21. Na2 Kf8 22. Nc3 g5 23. Bg3 Nh5 24. Bc7 f5 25. g3 Nf6 26. f3 Nd5 27. Nxd5
Bxd5 28. Kf2 c3 29. bxc3 Bxa3 30. Ba5 Bc1 31. Nf1 Bc4 32. e4 fxe4 33. fxe4 Kf7
34. Ne3 Bxe3+ 35. Kxe3 Ke7 36. h4 gxh4 37. gxh4 h5 38. Kf4 Kd6 39. Bb4+ Kd7 40.
Ke5 Bb3 41. Ba5 1/2-1/2

[Event "C.to Provinciale CO"]
[Site "Como ITA"]
[Date "2009.02.01"]
[Round "6"]
[White "Mason, Giovanni"]
[Black "Rizzi, Pierantonio"]
[Result "1-0"]
[WhiteElo "1565"]
[BlackElo "1416"]
[PlyCount "55"]
[EventDate "2009.01.24"]

1. e4 e5 2. Nf3 Nc6 3. Bb5 Bd6 4. c3 Nge7 5. d3 a6 6. Bc4 b5 7. Bb3 Bb7 8. Ng5
O-O 9. Qh5 h6 10. Nxf7 Rxf7 11. Bxf7+ Kh8 12. Bxh6 Ng8 13. Bg5+ Nh6 14. Bxh6
Qg8 15. Bxg8 Kxg8 16. Qg4 Bf8 17. Be3 Bc8 18. Qg3 d6 19. h4 Kf7 20. Bg5 Ne7 21.
Bxe7 Kxe7 22. Nd2 Bb7 23. Nf3 d5 24. Nxe5 dxe4 25. Ng6+ Kd7 26. O-O-O Bd6 27.
dxe4 Bxe4 28. Qg4+ 1-0

[Event "C.to Provinciale CO"]
[Site "Como ITA"]
[Date "2009.02.01"]
[Round "6"]
[White "Minelli, Marco"]
[Black "Orsenigo, Davide"]
[Result "0-1"]
[WhiteElo "1380"]
[BlackElo "1879"]
[PlyCount "80"]
[EventDate "2009.01.24"]

1. c4 Nf6 2. b3 d5 3. Bb2 e6 4. d3 Be7 5. g3 O-O 6. Bg2 c5 7. Nf3 Nc6 8. Nbd2
b6 9. e3 Bb7 10. a3 Qd7 11. Qc2 Rad8 12. O-O Rfe8 13. Rad1 Bf8 14. Rfe1 Ne7 15.
Bxf6 gxf6 16. e4 dxc4 17. dxc4 Qd3 18. Qxd3 Rxd3 19. h3 Red8 20. Bf1 R3d7 21.
Be2 Bh6 22. Nf1 Bxe4 23. Rxd7 Rxd7 24. N1h2 Nc6 25. Ng4 Bg7 26. Rd1 Rxd1+ 27.
Bxd1 f5 28. Ne3 Bb2 29. a4 h6 30. Nd2 Bd3 31. Bc2 Bxc2 32. Nxc2 Bc1 33. Nf3 Na5
34. Ne5 Nxb3 35. Nd7 Na5 36. Ne5 Bb2 37. f4 Bxe5 38. fxe5 Nxc4 39. Kf2 Nxe5 40.
Ne3 Kg7 0-1

[Event "C.to Provinciale CO"]
[Site "Como ITA"]
[Date "2009.02.01"]
[Round "6"]
[White "Primerano, Carlo"]
[Black "Bernasconi, Roberto"]
[Result "0-1"]
[WhiteElo "1718"]
[BlackElo "1929"]
[PlyCount "36"]
[EventDate "2009.01.24"]

1. d4 d5 2. c4 dxc4 3. Nf3 c5 4. Qa4+ Bd7 5. Qxc4 cxd4 6. Nxd4 Nf6 7. Nc3 Nc6
8. Nxc6 Bxc6 9. Bg5 Qa5 10. Bxf6 exf6 11. a3 Rc8 12. b4 Qf5 13. Qb3 Bd6 14. Rd1
Be5 15. Rd3 O-O 16. e3 Bxc3+ 17. Rxc3 Ba4 18. Qb2 Qe5 0-1

[Event "C.to Provinciale CO"]
[Site "Como ITA"]
[Date "2009.02.01"]
[Round "6"]
[White "Raineri, Pieroberto"]
[Black "Guzzetti, Luigi Enrico"]
[Result "1-0"]
[WhiteElo "1669"]
[BlackElo "1854"]
[PlyCount "67"]
[EventDate "2009.01.24"]

1. d4 Nf6 2. c4 g6 3. Nc3 Bg7 4. e4 d6 5. f3 O-O 6. Bg5 Nbd7 7. Nh3 c5 8. d5 a6
9. Qd2 Re8 10. Be2 Rb8 11. a4 Qa5 12. O-O Ne5 13. Nf2 Qb4 14. Ncd1 a5 15. Qc2
Ned7 16. Nc3 Qb6 17. Ra3 h6 18. Rb3 Qd8 19. Be3 Nf8 20. Nb5 Bd7 21. Qd2 Kh7 22.
Ng4 Bxg4 23. fxg4 Nxe4 24. Qc2 Nf6 25. g5 hxg5 26. Bxg5 Kg8 27. Rh3 N8h7 28.
Bh6 e6 29. Bxg7 Kxg7 30. Qc3 e5 31. Qe3 Ng8 32. Rxh7+ Kxh7 33. Rxf7+ Kh8 34.
Qh3+ 1-0

[Event "C.to Provinciale CO"]
[Site "Como ITA"]
[Date "2009.02.01"]
[Round "6"]
[White "Revinelli, Sergio"]
[Black "Betori, Alessandro"]
[Result "0-1"]
[WhiteElo "1868"]
[BlackElo "1662"]
[PlyCount "69"]
[EventDate "2009.01.24"]

1. e4 d5 2. exd5 Nf6 3. d4 Bg4 4. Be2 Bxe2 5. Qxe2 Qxd5 6. Nf3 e6 7. O-O Bd6 8.
c4 Qh5 9. Nc3 O-O 10. Re1 c6 11. Ne5 Qxe2 12. Rxe2 Nbd7 13. f4 Rad8 14. Be3 Bb8
15. h3 Ne8 16. Ne4 Nef6 17. Nc3 Ne8 18. Rd2 Nd6 19. b3 Nf5 20. Bf2 Nxe5 21.
fxe5 Bxe5 22. Rad1 Bf4 23. Rd3 Bg5 24. d5 cxd5 25. cxd5 exd5 26. Bxa7 d4 27.
Nb5 Be3+ 28. Kh2 Rd5 29. a4 h5 30. Bb6 Rc8 31. Na3 Bf4+ 32. Kg1 h4 33. Nc4 g6
34. Ba5 Rxc4 35. bxc4 0-1

[Event "C.to Provinciale FM"]
[Site "Fermo ITA"]
[Date "2009.01.31"]
[Round "1"]
[White "Acella, Lorenzo"]
[Black "Santarelli, Enrico"]
[Result "0-1"]
[WhiteElo "1650"]
[BlackElo "1882"]
[PlyCount "64"]
[EventDate "2009.01.31"]

1. e4 e5 2. Nf3 Nf6 3. Nxe5 d6 4. Nf3 Nxe4 5. Qe2 Qe7 6. d3 Nf6 7. Nc3 Bg4 8.
Qxe7+ Bxe7 9. Be2 Nc6 10. Be3 h6 11. O-O-O O-O-O 12. d4 Bxf3 13. Bxf3 d5 14.
Rhe1 Bb4 15. a3 Bxc3 16. bxc3 Na5 17. Kb2 Rhe8 18. Bf4 Nc4+ 19. Kb3 c6 20. h4
b5 21. Rxe8 Rxe8 22. Ra1 Kb7 23. a4 a6 24. axb5 axb5 25. Kb4 Nd7 26. g3 Nf8 27.
Bg4 Kb6 28. h5 Ne6 29. Bc1 Ng5 30. Bf4 Ne4 31. Bd7 Rd8 32. Bf5 Nxf2 0-1

[Event "C.to Provinciale FM"]
[Site "Fermo ITA"]
[Date "2009.01.31"]
[Round "1"]
[White "Donati, Michele"]
[Black "Silvestri, Giorgio"]
[Result "0-1"]
[WhiteElo "1563"]
[BlackElo "1832"]
[PlyCount "100"]
[EventDate "2009.01.31"]

1. c4 Nf6 2. Nc3 c5 3. g3 Nc6 4. Bg2 g6 5. Nf3 Bg7 6. O-O O-O 7. Rb1 d6 8. d3
Bd7 9. a3 Qc8 10. Re1 Bh3 11. Bh1 h6 12. Bd2 Qg4 13. b4 cxb4 14. axb4 Qh5 15.
b5 Nd8 16. d4 e6 17. Qa4 Nd7 18. Ne4 Nb6 19. Qb3 Bf5 20. Nh4 Bxe4 21. Bxe4 g5
22. Nf3 f5 23. Bd3 g4 24. Nh4 Bxd4 25. Bc3 Bxc3 26. Qxc3 Qg5 27. Qd4 Nf7 28. e4
e5 29. Qe3 f4 30. Qd2 fxg3 31. Qxg5+ Nxg5 32. fxg3 Nh3+ 33. Kg2 Rf2+ 34. Kh1
Rd2 35. Bf1 Nf2+ 36. Kg1 Nd3 37. Red1 Rxd1 38. Rxd1 Nb2 39. Rxd6 N2xc4 40.
Bxc4+ Nxc4 41. Rxh6 Ne3 42. Kf2 Nd1+ 43. Ke1 Nc3 44. Rg6+ Kh7 45. Rxg4 Nxb5 46.
Nf3 a5 47. Nxe5 a4 48. Nc4 Rc8 49. Nb6 Rc1+ 50. Kd2 Ra1 0-1

[Event "C.to Provinciale FM"]
[Site "Fermo ITA"]
[Date "2009.01.31"]
[Round "1"]
[White "Giobbi, Costantino"]
[Black "Balzano, Aldo"]
[Result "0-1"]
[WhiteElo "1950"]
[BlackElo "1796"]
[PlyCount "156"]
[EventDate "2009.01.31"]

1. Nf3 Nf6 2. g3 g6 3. Bg2 Bg7 4. O-O O-O 5. d4 d6 6. c4 Nbd7 7. Nc3 c6 8. e4
e5 9. h3 Re8 10. Re1 exd4 11. Nxd4 Qb6 12. Nb3 Ne5 13. c5 dxc5 14. Be3 Bf8 15.
Na4 Qc7 16. Nbxc5 b6 17. Nb3 Ba6 18. Bf4 Nh5 19. Bxe5 Rxe5 20. Qc2 Rd8 21. Rad1
Ree8 22. Nd4 c5 23. Nb3 Bg7 24. Rxd8 Rxd8 25. Rd1 Rd7 26. Nc3 Rxd1+ 27. Qxd1
Bc4 28. Bf1 Bxb3 29. Qxb3 Qe7 30. Qd5 Bd4 31. Qa8+ Kg7 32. Kg2 Qf6 33. Nd1 Qg5
34. Qc8 Nxg3 35. fxg3 Qd2+ 36. Kh1 Qxd1 37. Qa6 Qf3+ 38. Bg2 Qxg3 39. Qe2 Be5
40. Bf1 Bd4 41. Bg2 Qf4 42. b3 Qc1+ 43. Bf1 Qe3 44. e5 Qc1 45. e6 fxe6 46. Qf3
Qe3 47. Qg2 Qf2 48. Bc4 Qxg2+ 49. Kxg2 Kf6 50. Kf3 e5 51. Ke4 Kg5 52. Bg8 h6
53. a4 a5 54. Bf7 Kf6 55. Be8 Kg5 56. Bf7 Kh4 57. Be6 h5 58. Kf3 Kg5 59. Bd7
Kf6 60. Be8 Kf5 61. Bd7+ Kf6 62. Be8 h4 63. Ke4 Bc3 64. Bd7 Ke7 65. Bc6 Kd6 66.
Be8 g5 67. Bf7 g4 68. hxg4 Bd2 69. Bc4 Bf4 70. Bf1 Ke6 71. Bg2 Kf6 72. Bh3 Kg5
73. Kd5 Kf6 74. Kd6 e4+ 75. Kd5 e3 76. Bf1 h3 77. Ke4 h2 78. Bg2 e2 0-1

[Event "C.to Provinciale FM"]
[Site "Fermo ITA"]
[Date "2009.01.31"]
[Round "1"]
[White "Guglielmi, Dante"]
[Black "Balzano, Filli"]
[Result "1-0"]
[WhiteElo "1900"]
[BlackElo "1756"]
[PlyCount "93"]
[EventDate "2009.01.31"]

1. c4 c6 2. Nc3 d5 3. cxd5 cxd5 4. d4 Nf6 5. Nf3 Nc6 6. h3 e6 7. Bf4 Qb6 8. Rb1
Bb4 9. a3 Bxc3+ 10. bxc3 Qa5 11. Qb3 Ne4 12. Rc1 O-O 13. e3 a6 14. Bd3 f5 15.
O-O b5 16. Bxe4 fxe4 17. Ne5 Nxe5 18. Bxe5 Rd8 19. Qb4 Qxb4 20. cxb4 Bd7 21.
Rc7 Rac8 22. Rfc1 g6 23. R1c5 Rxc7 24. Rxc7 Kf7 25. Ra7 Ke8 26. Rxa6 Rc8 27.
Ra7 Rc1+ 28. Kh2 Rf1 29. Bd6 Rc1 30. Kg3 Rc2 31. Bc5 Kd8 32. Ra8+ Bc8 33. Rb8
Rc3 34. Rxb5 Rxa3 35. Rb8 Rb3 36. Bd6 Kd7 37. Be5 Kd8 38. b5 Rb2 39. b6 Rb4 40.
h4 Rb1 41. Kf4 Kd7 42. Kg5 Kd8 43. Kh6 Ke7 44. Kxh7 g5 45. hxg5 Rh1+ 46. Kg7
Kd8 47. b7 1-0

[Event "C.to Provinciale FM"]
[Site "Fermo ITA"]
[Date "2009.01.31"]
[Round "1"]
[White "Pescatore, Lorenzo"]
[Black "Morelli, Basilio"]
[Result "1-0"]
[WhiteElo "1837"]
[BlackElo "1572"]
[PlyCount "37"]
[EventDate "2009.01.31"]

1. e4 c5 2. Nc3 Nc6 3. f4 e6 4. Nf3 Be7 5. Bb5 d6 6. Bxc6+ bxc6 7. O-O Nf6 8.
d3 O-O 9. Qe1 Qc7 10. Qg3 Re8 11. f5 Bf8 12. Bg5 Nh5 13. Qh4 g6 14. g4 exf5 15.
gxh5 fxe4 16. Nxe4 Re6 17. hxg6 Rxg6 18. Nf6+ Kh8 19. Qxh7# 1-0

[Event "C.to Provinciale FM"]
[Site "Fermo ITA"]
[Date "2009.01.31"]
[Round "1"]
[White "Piergentili, Roberto"]
[Black "Pierantozzi, Stanislao"]
[Result "1-0"]
[WhiteElo "1787"]
[BlackElo "1947"]
[PlyCount "75"]
[EventDate "2009.01.31"]

1. d4 d5 2. c4 c6 3. Nf3 Nf6 4. Nc3 a6 5. c5 b6 6. b4 a5 7. bxa5 bxc5 8. dxc5
e6 9. e3 Bxc5 10. Bd2 Bb4 11. Qc2 O-O 12. Bd3 Qxa5 13. O-O Qd8 14. Rfb1 Bd6 15.
Rb2 Nbd7 16. Rab1 Ne5 17. Nxe5 Bxe5 18. Rb6 Bd7 19. Ne2 Bc7 20. Rb7 Ba5 21. Bc1
e5 22. Bf5 Bxf5 23. Qxf5 Qd6 24. Bb2 Rfe8 25. g4 g6 26. Qf3 Qe6 27. h3 Ne4 28.
Bxe5 Nd2 29. Qf4 Nxb1 30. Nd4 g5 31. Qxg5+ Qg6 32. Qf4 Rxe5 33. Qxe5 Nd2 34.
Rb8+ Rxb8 35. Qxb8+ Kg7 36. Nf5+ Kf6 37. Qd6+ Kg5 38. f4# 1-0

[Event "C.to Provinciale FM"]
[Site "Fermo ITA"]
[Date "2009.02.01"]
[Round "2"]
[White "Balzano, Aldo"]
[Black "Pescatore, Lorenzo"]
[Result "1/2-1/2"]
[WhiteElo "1796"]
[BlackElo "1837"]
[PlyCount "69"]
[EventDate "2009.01.31"]

1. d4 Nf6 2. c4 c5 3. d5 e5 4. Nc3 d6 5. e4 Be7 6. Nf3 Nbd7 7. Bd3 a6 8. h3 h5
9. g3 g6 10. h4 Kf8 11. Qc2 Kg7 12. Bd2 Nf8 13. Ng5 N6h7 14. f4 Nd7 15. O-O-O
Bf6 16. Be3 Rf8 17. Qd2 Rh8 18. f5 Ndf8 19. Rdf1 Bd7 20. Rhg1 b5 21. g4 b4 22.
Nd1 Qa5 23. Kb1 hxg4 24. Rxg4 Be7 25. fxg6 Bxg4 26. gxh7 f6 27. Qg2 fxg5 28.
Qxg4 Qd8 29. hxg5 Qd7 30. Qh5 Rxh7 31. Rf7+ Kg8 32. Rxh7 Nxh7 33. Qg6+ Kh8 34.
Qh5 Kg8 35. Qg6+ 1/2-1/2

[Event "C.to Provinciale FM"]
[Site "Fermo ITA"]
[Date "2009.02.01"]
[Round "2"]
[White "Marinucci, Johnny"]
[Black "Giobbi, Costantino"]
[Result "0-1"]
[WhiteElo "1749"]
[BlackElo "1950"]
[PlyCount "128"]
[EventDate "2009.01.31"]

1. d4 d6 2. Bf4 Nf6 3. e3 Bf5 4. Be2 e6 5. c4 Be7 6. Qb3 Qc8 7. Nc3 Nbd7 8. Nf3
Ne4 9. O-O O-O 10. Nxe4 Bxe4 11. Nd2 Bg6 12. Bf3 c6 13. Rac1 Rd8 14. Rfe1 e5
15. Bg3 Bf6 16. Ne4 Bxe4 17. Bxe4 Nf8 18. Qd3 g6 19. d5 c5 20. f4 exf4 21. exf4
Bd4+ 22. Kh1 f5 23. Bf3 Qd7 24. b4 b6 25. Bh4 Re8 26. b5 Rxe1+ 27. Rxe1 Re8 28.
Rxe8 Qxe8 29. Qe2 Qxe2 30. Bxe2 Kf7 31. Bd8 Bf6 32. Bc7 Ke7 33. Bb8 Kd7 34. g4
Be7 35. gxf5 gxf5 36. Bd3 Kc8 37. Bxa7 Kb7 38. Bxb6 Kxb6 39. Bxf5 Ka5 40. Kg2
Bd8 41. Kf3 Kb4 42. Bd3 Kc3 43. Ke3 h6 44. h4 Nd7 45. a4 Kb4 46. h5 Kxa4 47.
Ke4 Nf6+ 48. Kf5 Nxh5 49. Bc2+ Ka5 50. Bd1 Ng3+ 51. Ke6 Kb6 52. f5 Kc7 53. Bf3
h5 54. f6 Bxf6 55. Kxf6 h4 56. Bg2 Ne2 57. Kg5 Nd4 58. Kxh4 Nf5+ 59. Kg5 Ne3
60. Bf3 Nxc4 61. Kf6 Na3 62. Be2 c4 63. Ke6 c3 64. Bd3 Nxb5 0-1

[Event "C.to Provinciale FM"]
[Site "Fermo ITA"]
[Date "2009.02.01"]
[Round "2"]
[White "Morelli, Basilio"]
[Black "Piergentili, Roberto"]
[Result "0-1"]
[WhiteElo "1572"]
[BlackElo "1787"]
[PlyCount "84"]
[EventDate "2009.01.31"]

1. d4 d5 2. c4 c6 3. cxd5 cxd5 4. Nc3 Nf6 5. Bg5 e6 6. e3 Nbd7 7. Bd3 h6 8. Bh4
Qb6 9. Qc2 Be7 10. Nge2 O-O 11. O-O Qd8 12. h3 Nb6 13. b3 Bd7 14. a4 Bc6 15.
Bg3 Bd6 16. Bxd6 Qxd6 17. a5 Nbd7 18. Nb5 Bxb5 19. Bxb5 Rac8 20. Qd3 a6 21.
Bxd7 Qxd7 22. f3 Qd6 23. e4 dxe4 24. fxe4 Nh7 25. Rfd1 Rc7 26. e5 Qe7 27. Nf4
Qg5 28. Rf1 Rfc8 29. Qf3 Nf8 30. Ne2 Ng6 31. g3 Nh4 32. Qf4 Qxf4 33. Nxf4 Nf5
34. Ne2 Rc2 35. g4 Ne3 36. Rf2 Rd2 37. Rc1 Rxc1+ 38. Nxc1 Rd1+ 39. Kh2 Rxc1 40.
Re2 Rc2 41. Rxc2 Nxc2 42. Kg3 Nxd4 0-1

[Event "C.to Provinciale FM"]
[Site "Fermo ITA"]
[Date "2009.02.01"]
[Round "2"]
[White "Pierantozzi, Stanislao"]
[Black "Acella, Lorenzo"]
[Result "0-1"]
[WhiteElo "1947"]
[BlackElo "1650"]
[PlyCount "50"]
[EventDate "2009.01.31"]

1. d4 Nf6 2. c4 g6 3. Nf3 Bg7 4. Nc3 d5 5. e3 O-O 6. Qb3 c6 7. Bd3 dxc4 8. Bxc4
e6 9. O-O Nbd7 10. e4 c5 11. dxc5 Nxc5 12. Qc2 b6 13. Bg5 Qc7 14. Qe2 Bb7 15.
Rac1 Nfxe4 16. Nxe4 Nxe4 17. Bd5 Nc5 18. Bxb7 Qxb7 19. Rfd1 Qe4 20. Qd2 f6 21.
Be3 Rad8 22. Qe2 Nd3 23. Rc2 Nf4 24. Qe1 Qxc2 25. Rc1 Ne2+ 0-1

[Event "C.to Provinciale FM"]
[Site "Fermo ITA"]
[Date "2009.02.01"]
[Round "2"]
[White "Santarelli, Enrico"]
[Black "Giri, Giovanni"]
[Result "1-0"]
[WhiteElo "1882"]
[BlackElo "1827"]
[PlyCount "65"]
[EventDate "2009.01.31"]

1. d4 Nf6 2. c4 c5 3. d5 b5 4. cxb5 a6 5. Nc3 axb5 6. g3 b4 7. Nb1 g6 8. b3 Bg7
9. Bb2 d6 10. Bg2 O-O 11. e4 Nbd7 12. Ne2 Bb7 13. O-O Ra6 14. Qc2 Qa8 15. a4 e6
16. dxe6 fxe6 17. Nd2 d5 18. exd5 exd5 19. Nf4 Rc8 20. Rfe1 Kf7 21. Nh3 h6 22.
Nf4 Nf8 23. h4 g5 24. hxg5 hxg5 25. Nh3 N8h7 26. Qf5 c4 27. Bd4 cxb3 28. Nxb3
Re8 29. Rxe8 Qxe8 30. Nc5 Rb6 31. Nxb7 Rxb7 32. Bxd5+ Kf8 33. Bxb7 1-0

[Event "C.to Provinciale FM"]
[Site "Fermo ITA"]
[Date "2009.02.01"]
[Round "2"]
[White "Silvestri, Giorgio"]
[Black "Guglielmi, Dante"]
[Result "1-0"]
[WhiteElo "1832"]
[BlackElo "1900"]
[PlyCount "84"]
[EventDate "2009.01.31"]

1. d4 d5 2. c4 e6 3. Nc3 Nf6 4. Bf4 c6 5. e3 Nbd7 6. Nf3 Be7 7. Qc2 dxc4 8.
Bxc4 b5 9. Bd3 a6 10. O-O c5 11. Ne4 c4 12. Nxf6+ Nxf6 13. Be4 Nxe4 14. Qxe4
Ra7 15. Qc2 Bb7 16. a4 Qa8 17. axb5 axb5 18. Rxa7 Qxa7 19. b3 Bd5 20. e4 Bb7
21. bxc4 bxc4 22. Qxc4 Bxe4 23. Qb5+ Qd7 24. Qe5 Qd5 25. Qxg7 Rf8 26. Nd2 Qf5
27. Qe5 Qxe5 28. dxe5 Bd5 29. Ra1 Rg8 30. g3 h5 31. Kf1 h4 32. Ke2 hxg3 33.
Bxg3 Rg4 34. f3 Rb4 35. Rc1 Bg5 36. Rc2 Rd4 37. Nf1 Bc4+ 38. Kf2 Bb3 39. Rb2
Rd3 40. f4 Be7 41. Ke2 Rc3 42. Nd2 Bd5 1-0

[Event "C.to Provinciale FM"]
[Site "Fermo ITA"]
[Date "2009.02.01"]
[Round "3"]
[White "Acella, Lorenzo"]
[Black "Balzano, Filli"]
[Result "1/2-1/2"]
[WhiteElo "1650"]
[BlackElo "1756"]
[PlyCount "73"]
[EventDate "2009.01.31"]

1. e4 c6 2. d4 d5 3. e5 Bf5 4. g4 Bg6 5. f4 e6 6. Nf3 c5 7. Be3 Qb6 8. Nbd2
Qxb2 9. Rb1 Qxc2 10. Qxc2 Bxc2 11. Rxb7 cxd4 12. Bb5+ Kd8 13. Nxd4 Bg6 14. Nc6+
Kc8 15. Rxa7 Rxa7 16. Nxa7+ Kb7 17. Nb3 Be4 18. O-O Ba3 19. Nc5+ Bxc5 20. Bxc5
Na6 21. Bc6+ Kb8 22. Bd4 Nc7 23. Bb5 Ne7 24. Ba4 Nc8 25. Nc6+ Kb7 26. Rf2 Na6
27. Rb2+ Kc7 28. Na5 Kd8 29. Rb7 Nc7 30. Nc6+ Kd7 31. Na7+ Kd8 32. Bb6 Nxb6 33.
Rb8+ Ke7 34. Rxb6 d4 35. Nc6+ Bxc6 36. Rxc6 Nd5 37. Kf2 1/2-1/2

[Event "C.to Provinciale FM"]
[Site "Fermo ITA"]
[Date "2009.02.01"]
[Round "3"]
[White "Giobbi, Costantino"]
[Black "Giri, Giovanni"]
[Result "0-1"]
[WhiteElo "1950"]
[BlackElo "1827"]
[PlyCount "72"]
[EventDate "2009.01.31"]

1. Nf3 Nf6 2. d4 g6 3. c4 Bg7 4. Nc3 O-O 5. e4 d6 6. Be2 e5 7. O-O Nc6 8. d5
Ne7 9. b4 a5 10. Ba3 Nd7 11. bxa5 Rxa5 12. Bb4 Ra8 13. Qb3 Nc5 14. Bxc5 dxc5
15. Rfd1 h6 16. Nb5 Ra6 17. Nd2 f5 18. Qe3 fxe4 19. Nxe4 Nf5 20. Qxc5 Qh4 21.
f3 Nd4 22. Nxd4 exd4 23. g3 Qh5 24. Rd3 Qe5 25. Bf1 Rxf3 26. Rxf3 Qxe4 27. Bg2
d3 28. Qxc7 Qd4+ 29. Kh1 Qxa1+ 30. Rf1 Qxa2 31. Qxc8+ Kh7 32. Be4 Qe2 33. Bg2
Ra2 34. Rg1 d2 35. Qe6 Qxg2+ 36. Rxg2 d1=Q+ 0-1

[Event "C.to Provinciale FM"]
[Site "Fermo ITA"]
[Date "2009.02.01"]
[Round "3"]
[White "Guglielmi, Dante"]
[Black "Balzano, Aldo"]
[Result "1/2-1/2"]
[WhiteElo "1900"]
[BlackElo "1796"]
[PlyCount "130"]
[EventDate "2009.01.31"]

1. c4 Nf6 2. Nc3 g6 3. g3 Bg7 4. Bg2 O-O 5. e3 d6 6. Nge2 e5 7. O-O Nbd7 8. d4
c6 9. b3 Qe7 10. Qc2 Re8 11. Bb2 e4 12. Rfe1 Nf8 13. Nf4 Bf5 14. h3 h5 15. b4
N8h7 16. d5 Ng5 17. Qe2 Nd7 18. g4 hxg4 19. hxg4 Ne5 20. gxf5 Ngf3+ 21. Kh1
Qh4+ 22. Nh3 Ng5 23. Qf1 Nxh3 24. Bxh3 Nd3 25. dxc6 bxc6 26. Na4 Bxb2 27. Nxb2
Nxb2 28. fxg6 fxg6 29. Qg2 Kh7 30. Qg3 Qxg3 31. fxg3 Rad8 32. Rf1 Rf8 33. Rxf8
Rxf8 34. Bd7 c5 35. bxc5 dxc5 36. Bc6 Nxc4 37. Bxe4 Nxe3 38. Kg1 Re8 39. Bf3
Nf5 40. Kg2 Rd8 41. Rc1 Rc8 42. Bg4 Ne3+ 43. Kf3 Nxg4 44. Kxg4 Kg7 45. Kg5 c4
46. Re1 Rc5+ 47. Kf4 Kf6 48. Rd1 Ra5 49. Rd6+ Kf7 50. Rc6 Ra4 51. Kf3 Ra3+ 52.
Kf4 c3 53. g4 Ra4+ 54. Kg5 Ra5+ 55. Kf4 g5+ 56. Ke3 Ra4 57. Kf3 Rf4+ 58. Kg3
Ra4 59. Rxc3 Rxa2 60. Rc6 Ra3+ 61. Kg2 Ra2+ 62. Kf3 Rd2 63. Rc7+ Kf6 64. Rxa7
Rd3+ 65. Ke4 Rd6 1/2-1/2

[Event "C.to Provinciale FM"]
[Site "Fermo ITA"]
[Date "2009.02.01"]
[Round "3"]
[White "Pescatore, Lorenzo"]
[Black "Silvestri, Giorgio"]
[Result "1-0"]
[WhiteElo "1837"]
[BlackElo "1832"]
[PlyCount "99"]
[EventDate "2009.01.31"]

1. e4 e6 2. d4 d5 3. Nc3 Nf6 4. Bg5 dxe4 5. Nxe4 Be7 6. Bxf6 Bxf6 7. Nf3 Be7 8.
Bd3 Nd7 9. O-O b6 10. Bb5 O-O 11. Bc6 Rb8 12. Ne5 Nf6 13. c3 Nxe4 14. Bxe4 Bb7
15. Qf3 Bxe4 16. Qxe4 Qd6 17. Qc6 Rbd8 18. f4 a5 19. Rae1 Qxc6 20. Nxc6 Rd7 21.
f5 Bf6 22. fxe6 fxe6 23. Rxe6 Rdf7 24. Kh1 Bh4 25. Rxf7 Kxf7 26. Re3 Kg8 27.
Rf3 Re8 28. g3 Bf6 29. Kg2 Re1 30. Na7 Rb1 31. Rf2 Bg5 32. Nb5 Be3 33. Re2 Bc1
34. Nxc7 Bxb2 35. d5 Ba3 36. Rd2 Bc5 37. d6 Bxd6 38. Rxd6 Rb2+ 39. Kh3 Rxa2 40.
Rxb6 Rc2 41. Rb3 Kf7 42. Ra3 h5 43. Rxa5 Rxc3 44. Nb5 Rc2 45. Nd6+ Kg6 46. Ra4
Re2 47. Re4 Rd2 48. Re6+ Kh7 49. Ne4 Re2 50. Ng5+ 1-0

[Event "C.to Provinciale FM"]
[Site "Fermo ITA"]
[Date "2009.02.01"]
[Round "3"]
[White "Pierantozzi, Stanislao"]
[Black "Marinucci, Johnny"]
[Result "1-0"]
[WhiteElo "1947"]
[BlackElo "1749"]
[PlyCount "136"]
[EventDate "2009.01.31"]

1. d4 Nf6 2. c4 c6 3. Nf3 d5 4. Nc3 Bf5 5. Bf4 e6 6. e3 Nbd7 7. Be2 h6 8. O-O
Be7 9. h3 O-O 10. c5 Re8 11. Bd3 Ne4 12. Bxe4 Bxe4 13. Ne5 Nf6 14. f3 Bh7 15.
Rc1 Bf8 16. Bh2 Nd7 17. f4 Nf6 18. g4 Ne4 19. Ne2 f5 20. Ng3 Nxg3 21. Bxg3 Be7
22. Kh2 Rf8 23. Rg1 Qe8 24. Qe2 Rd8 25. Rg2 fxg4 26. Qxg4 Bf5 27. Qe2 Be4 28.
Rgg1 Rf5 29. Qg4 Qh5 30. Bh4 Qxg4 31. hxg4 Bxh4 32. gxf5 Bxf5 33. Kg2 Be4+ 34.
Nf3 Bf6 35. Kf2 Kh7 36. Ke2 Rg8 37. Ne5 h5 38. Nf3 Kh6 39. Ng5 Bf5 40. Kf2 Bg4
41. Nf7+ Kh7 42. Rh1 g6 43. Rcg1 Kg7 44. Ne5 Bxe5 45. dxe5 Kf7 46. b4 Bf5 47.
Rh2 a6 48. Kg3 Rd8 49. Rd1 Be4 50. Kh4 Kg7 51. Rd4 Rf8 52. Rhd2 Bf3 53. a4 Kh6
54. Rb2 Rf5 55. b5 g5+ 56. Kg3 Be4 57. bxc6 bxc6 58. Rb6 h4+ 59. Kh2 g4 60.
Rxe4 dxe4 61. Rxc6 Kh5 62. Rxe6 Rf8 63. Rxa6 Rb8 64. Rb6 Rd8 65. Rd6 Rb8 66.
Rd2 Rb3 67. e6 Rxe3 68. e7 g3+ 1-0

[Event "C.to Provinciale FM"]
[Site "Fermo ITA"]
[Date "2009.02.01"]
[Round "3"]
[White "Piergentili, Roberto"]
[Black "Santarelli, Enrico"]
[Result "0-1"]
[WhiteElo "1787"]
[BlackElo "1882"]
[PlyCount "30"]
[EventDate "2009.01.31"]

1. d4 d5 2. c4 c6 3. Nf3 Nf6 4. Nc3 dxc4 5. a4 e6 6. e3 Bb4 7. Bxc4 Nbd7 8. O-O
O-O 9. Bd2 Re8 10. Qc2 Bd6 11. Rad1 Qe7 12. e4 e5 13. dxe5 Nxe5 14. Nxe5 Bxe5
15. f3 Qc5+ 0-1

[Event "C.to Provinciale FM"]
[Site "Fermo ITA"]
[Date "2009.02.14"]
[Round "4"]
[White "Acella, Lorenzo"]
[Black "Guglielmi, Dante"]
[Result "0-1"]
[WhiteElo "1650"]
[BlackElo "1900"]
[PlyCount "38"]
[EventDate "2009.01.31"]

1. e4 c5 2. Nf3 d6 3. d4 cxd4 4. Nxd4 Nf6 5. Nc3 a6 6. Be2 e6 7. O-O Be7 8. f4
Qc7 9. Qe1 Nc6 10. Be3 Bd7 11. Qg3 g6 12. f5 gxf5 13. exf5 Rg8 14. Qf3 Nxd4 15.
Bxd4 Bc6 16. fxe6 Bxf3 17. exf7+ Kxf7 18. Rxf3 Rg6 19. Raf1 Qc6 0-1